| 000 | 00614nam a2200205 4500 | ||
|---|---|---|---|
| 003 | OSt | ||
| 005 | 20180126101507.0 | ||
| 008 | 880531s2003 esp spa | ||
| 020 | _a84-9763-044-0 | ||
| 040 |
_aIBH _bspa _cBMC _erdc |
||
| 082 | _a808.0689 | ||
| 100 | 1 |
_93449 _aAsimov, Isaac _d1920-1992 |
|
| 245 | 1 | 3 |
_aSospecha _cIsaac Asimov ; [traducción, Miguel Giménez Sales] |
| 260 |
_aMadrid _bNowtilus _c2003 |
||
| 300 |
_aXIII, 174 p. _c20 cm |
||
| 490 | 0 |
_aNowtilus frontera _aRobots & Aliens |
|
| 546 | _aTraducción de: Suspición | ||
| 650 | 2 | 4 |
_aCuentos de ciencia ficción _929319 |
| 942 |
_2ddc _cBK |
||
| 999 |
_c28820 _d28820 |
||